| 000 | 00940nam a22002057a 4500 | ||
|---|---|---|---|
| 999 |
_c62973 _d62973 |
||
| 003 | Ge_BSU | ||
| 005 | 20250417103609.0 | ||
| 008 | 250417s2003 ge ||||| |||| 00| 0 geo d | ||
| 020 | _a9994020447 | ||
| 041 | _ageo | ||
| 080 | _a502.1(075.8) ო-47 | ||
| 100 |
_aონიანი, ჯაბა _92718 |
||
| 245 |
_aცოცხალი ბუნების დაცვა : _b [სახელმძღვ. უმაღლ. სასწ. ბიოლოგიის ფაკ. სტუდ.] / _cჯაბა ონიანი; რედ.: რ. ჟორდანია. |
||
| 264 |
_aთბილისი : _bთბილ. უნ-ტის გამ-ბა, _c2003. |
||
| 300 |
_a440 გვ. ; _b 20 სმ. |
||
| 504 | _aბიბლიოგრ.: გვ. 428. | ||
| 653 | _aბუნების დაცვა | ||
| 700 |
_aჟორდანია, რ. _eრედაქტორი _924851 |
||
| 942 |
_2udc _cᲬᲘᲒᲜᲘ |
||